000 00688cab a2200253 4500
001 X3542
008 090401t1996 xxu||||| |||| 00| 0 eng d
035 _a(Sirsi) u31072
041 _aeng
100 _aDavis, L.
245 _aCVs and interviews
260 _c1996
350 _a0
490 _aCSM (Chartered Surveyor Monthly)
_v5(8) May 1996, 37(1)
520 _aAdvice for surveyors on writing a CV and preparing for an interview.
650 _aCURRICULUM VITAE
650 _aCV
650 _aINTERVIEWS
650 _aJOB SEEKING SKILLS
690 _aMANAGEMENT-BUSINESS MANAGEMENT-PROFESSIONAL PRACTICE
700 _aMcCall, A.
942 _n0
948 _c04/03/1997
999 _c20884
_d20884